El Criteri / Jaume Balmes : traduhit al catalá per D. Jaume Collell ... y les notes traduhides per D. Frederich Clascar... traduhit al catalá per D. Jaume Collell ... y les notes traduhides per D. Frederich Clascar...
Descripción Física:
270 p. ; 19 cm
Materias:
Ètica
MARC
| LEADER | 00000nam a2200000Ia 4500 | ||
|---|---|---|---|
| 001 | 8775 | ||
| 008 | 160829s1911 xx 000 0 cat d | ||
| 080 | |a F-1-58 | ||
| 100 | 1 | |a Balmes, Jaume, |d 1810-1848 |9 35539 | |
| 245 | |a El Criteri / Jaume Balmes : |b traduhit al catalá per D. Jaume Collell ... y les notes traduhides per D. Frederich Clascar... | ||
| 260 | |a Barcelona : |b (Imp. Barcelonesa), |c 1911 | ||
| 300 | |a 270 p. ; |c 19 cm | ||
| 650 | |a Ètica |9 35540 | ||
| 700 | |a Collell, Jaume, tr. |9 35541 | ||
| 700 | |a Clascar, Frederic, tr. |9 35542 | ||
| 901 | |a Arxiu | ||
| 942 | |n 1 | ||
| 952 | |0 0 |1 0 |4 0 |6 F158 |7 1 |9 46950 |a Arxiu |b Arxiu |d 2016-12-01 |l 0 |o F-1-58 |p 8775 |r 2016-12-01 00:00:00 |w 2016-12-01 |y ARXIU | ||
| 999 | |c 50743 |d 50743 | ||